The Bible exposition commentary / (Record no. 1024)

MARC details
000 -LEADER
fixed length control field 01762cam a22005054a 4500
001 - CONTROL NUMBER
control field 459604
003 - CONTROL NUMBER IDENTIFIER
control field GBCCL
005 - DATE AND TIME OF LATEST TRANSACTION
control field 20241126110351.0
008 - FIXED-LENGTH DATA ELEMENTS--GENERAL INFORMATION
fixed length control field 000627m20032004cou 000 0 eng
010 ## -
-- 00043561
-- 2003277222
020 ## - INTERNATIONAL STANDARD BOOK NUMBER
International Standard Book Number 0781435315
Qualifying information (v. 1)
020 ## - INTERNATIONAL STANDARD BOOK NUMBER
International Standard Book Number 9780781435314
Qualifying information (v. 1)
020 ## - INTERNATIONAL STANDARD BOOK NUMBER
International Standard Book Number 0781434815
Qualifying information (v. 2)
020 ## - INTERNATIONAL STANDARD BOOK NUMBER
International Standard Book Number 9780781434812
Qualifying information (v. 2)
020 ## - INTERNATIONAL STANDARD BOOK NUMBER
International Standard Book Number 0781435307
Qualifying information (v. 3)
020 ## - INTERNATIONAL STANDARD BOOK NUMBER
International Standard Book Number 9780781435307
Qualifying information (v. 3)
020 ## - INTERNATIONAL STANDARD BOOK NUMBER
International Standard Book Number 0781440734
Qualifying information (v. 4)
020 ## - INTERNATIONAL STANDARD BOOK NUMBER
International Standard Book Number 9780781440738
Qualifying information (v. 4)
020 ## - INTERNATIONAL STANDARD BOOK NUMBER
International Standard Book Number 0896936597
020 ## - INTERNATIONAL STANDARD BOOK NUMBER
International Standard Book Number 9780896936591
020 ## - INTERNATIONAL STANDARD BOOK NUMBER
International Standard Book Number 1564760308
Qualifying information (v. 5 :
-- [NT v. 1])
020 ## - INTERNATIONAL STANDARD BOOK NUMBER
International Standard Book Number 9781564760302
Qualifying information (v. 5 :
-- [NT v. 1])
020 ## - INTERNATIONAL STANDARD BOOK NUMBER
International Standard Book Number 1564760316
Qualifying information (v. 6 :
-- [NT v. 2])
020 ## - INTERNATIONAL STANDARD BOOK NUMBER
International Standard Book Number 9781564760319
Qualifying information (v. 6 :
-- [NT v. 2])
035 ## - SYSTEM CONTROL NUMBER
System control number (OCoLC)ocm44594012
035 ## - SYSTEM CONTROL NUMBER
System control number (OCoLC)44594012
040 ## - CATALOGING SOURCE
Original cataloging agency DLC
Language of cataloging eng
Transcribing agency DLC
Modifying agency IMC
-- BAKER
-- BTCTA
-- YDXCP
-- IG#
-- BDX
-- OCLCQ
-- OCLCO
-- OCLCF
-- P4I
-- OCLCA
-- OCLCQ
-- LBB
042 ## -
-- pcc
049 ## -
-- LBBK
-- 1-4
050 00 -
-- BS1151.2
-- .W545 2003
082 00 - DEWEY DECIMAL CLASSIFICATION NUMBER
Classification number 220.7
Edition information 21
Item number WIE
100 1# - MAIN ENTRY--PERSONAL NAME
Personal name Wiersbe, Warren W.
9 (RLIN) 623
245 14 - TITLE STATEMENT
Title The Bible exposition commentary /
Statement of responsibility, etc. Warren W. Wiersbe.
260 ## - PUBLICATION, DISTRIBUTION, ETC.
Place of publication, distribution, etc. Secunderabad :
Name of publisher, distributor, etc. Authentic,
Date of publication, distribution, etc. 2005.
300 ## - PHYSICAL DESCRIPTION
Extent volumes <1-5> ;
Dimensions 24 cm
336 ## - CONTENT TYPE
Content type term text
Content type code txt
Source rdacontent
337 ## - MEDIA TYPE
Media type term unmediated
Media type code n
Source rdamedia
338 ## - CARRIER TYPE
Carrier type term volume
Carrier type code nc
Source rdacarrier
500 ## - GENERAL NOTE
General note The Old Testament Be series comprised of 4 vols.
505 0# - FORMATTED CONTENTS NOTE
Formatted contents note 1. The Pentateuch -- 2. History -- 3. Wisdom and poetry -- 4. Prophets -- 5-6. New Testament.
630 00 - SUBJECT ADDED ENTRY--UNIFORM TITLE
Uniform title Bible.
Name of part/section of a work Old Testament
Form subdivision Commentaries.
9 (RLIN) 1750
630 07 - SUBJECT ADDED ENTRY--UNIFORM TITLE
Uniform title Bible.
Name of part/section of a work Old Testament.
Source of heading or term fast
Authority record control number or standard number (OCoLC)fst01808092
9 (RLIN) 1751
655 #7 - INDEX TERM--GENRE/FORM
Genre/form data or focus term Commentaries.
Source of term fast
Authority record control number or standard number (OCoLC)fst01423723
9 (RLIN) 875
942 ## - ADDED ENTRY ELEMENTS (KOHA)
Source of classification or shelving scheme Dewey Decimal Classification
Koha item type Reference Books
Holdings
Withdrawn status Lost status Source of classification or shelving scheme Damaged status Not for loan Home library Current Library Shelving location Date acquired Total checkouts Full call number Barcode Date last seen Copy number Price effective from Koha item type
    Dewey Decimal Classification     GRACE BIBLE COLLEGE GRACE BIBLE COLLEGE Commentary 2017-04-06   220.7 WIE 010292 2025-05-01 v.1 2017-04-06 Reference Books
    Dewey Decimal Classification     GRACE BIBLE COLLEGE GRACE BIBLE COLLEGE Commentary 2017-04-06   220.7 WIE 010293 2025-05-01 v.2 2017-04-06 Reference Books
    Dewey Decimal Classification     GRACE BIBLE COLLEGE GRACE BIBLE COLLEGE Commentary 2017-04-06   220.7 WIE 010294 2025-05-01 v.3 2017-04-06 Reference Books
    Dewey Decimal Classification     GRACE BIBLE COLLEGE GRACE BIBLE COLLEGE Commentary 2017-04-06   220.7 WIE 010295 2025-05-01 v.4 2017-04-06 Reference Books
    Dewey Decimal Classification     GRACE BIBLE COLLEGE GRACE BIBLE COLLEGE Commentary 2017-04-06   220.7 WIE 010296 2025-05-01 v.5 2017-04-06 Reference Books
© Grace Bible College Library 2025